| 000 | 00868nam a2200277 a 4500 | ||
|---|---|---|---|
| 008 | |||
| 020 | _a0421453508 (pbk.) | ||
| 049 | _aMAIN | ||
| 090 |
_aKD2079 _bGOW |
||
| 100 | 1 | _aGower, L.C.B. | |
| 245 | 1 | 0 |
_aGower's principles of modern company law / _cby L. C. B. Gower ; with contributions from D. D. Prentice and B. G. Pettet. |
| 250 | _a5th ed. | ||
| 260 |
_aLondon : _bSweet & Maxwell, _c1992. |
||
| 300 |
_axcv, 809 p. ; _c24 cm. |
||
| 504 | _aIncludes bibliographical references. | ||
| 500 | _aIncludes index. | ||
| 650 | 0 |
_aCorporation law _zGreat Britain. |
|
| 700 | 1 | _aPrentice, Daniel D. | |
| 700 | 1 | _aPettet, B.G. | |
| 740 | 0 | _aPrinciples of modern company law. | |
| 907 |
_a.b10124780 _b13-09-12 _c04-06-04 |
||
| 003 | |||
| 005 | 20230123133727.0 | ||
| 040 | _cNUST | ||
| 942 |
_cBOOKS _kKD2079 _mGOW |
||
| 999 |
_c153599 _d153599 |
||